Music Quiz

Random Music or Album Quiz

2014 Album Cover Quiz Stats

Quiz not verified by Sporcle

Challenge
Share
Tweet
Score 0/32 Timer 15:00
0 Plays Today
% Correct
Taylor Swift - 1989
72.3%
Sia - 1000 Forms Of Fear
69.2%
FKA Twigs - LP1
67.7%
Ed Sheeran - X
63.1%
St. Vincent - St. Vincent
60%
Pink Floyd - The Endless River
55.4%
The Black Keys - Turn Blue
53.8%
Hozier - Hozier
50.8%
Run The Jewels - Run The Jewels 2
49.2%
Foo Fighters - Sonic Highways
47.7%
Jack White - Lazaretto
44.6%
Prince - Art Official Age
44.6%
Death From Above 1979 - The Physical World
40%
Royal Blood - Royal Blood
40%
Aphex Twin - Syro
38.5%
Flying Lotus - You're Dead!
36.9%
% Correct
Coldplay - Ghost Stories
29.2%
Azealia Banks - Broke With Expensive Taste
29.2%
Interpol - El Pintor
29.2%
Skrillex - Recess
27.7%
Lykke Li - I Never Learn
26.2%
Future Islands - Singles
23.1%
SBTRKT - Wonder Where We Land
21.5%
Thom Yorke - Tommorow's Modern Boxes
21.5%
Caribou - Our Love
21.5%
Paolo Nutini - Caustic Love
21.5%
Bombay Bicycle Club - So Long, See You Tomorrow
20%
TV On The Radio - Seeds
13.8%
Linkin Park - The Hunting Party
13.8%
Little Dragon - Nabuma Rubberband
9.2%
Damien Rice - My Favourite Faded Fantasy
7.7%
You Me At Six - Cavalier Youth
1.5%

You're not logged in!

Compare scores with friends on all Sporcle quizzes.
Join for Free
OR
Log In

You Might Also Like...

Show Comments

Extras

Top Quizzes Today


Score Distribution

Your Account Isn't Verified!

In order to create a playlist on Sporcle, you need to verify the email address you used during registration. Go to your Sporcle Settings to finish the process.

Report this User

Report this user for behavior that violates our Community Guidelines.

Details: